000 00243nam a2200097Ia 4500
001 656520
005 20250826154557.0
008 250824s9999 xx 000 0 und d
245 0 _aFELAKET HENRY SERİSİ
_cFrancesca Simon
260 _bİLETİŞİM
999 _c656520
_d656520